LDR 00627naa#a2200181#i#450# 001 EN\INFRA-M\bibl\126333 005 20260703001404.5 011 ## _a1998-0744 100 ## _a20260622b2026####ek#y0engy0150####ca 102 ## _aRU 200 1# _aA Practice-Oriented Approach to Teaching Mathematics _eJournal article 210 1# _aMoscow _cINFRA-M Academic Publishing LLC. _d2026 215 ## _a7 с. 608 ## _aJournal article _2local 675 ## _aНародное образование. Воспитание. Обучение. Организация досуга. 37 _z 700 #1 _aVasileva _gM. V. 700 #1 _aSchegolev _gD. V. 856 4# _anaukaru.ru _u